LDR 01176nam a2200277 4500 001 000000363790 003 CaOOAMICUS 005 20250804124430.0 008 250804s2025 it 000 u ita r 020 $a978-88-290-3053-8 040 $aSeMil$bita 100 1 $aPisano, Carmine.$0(OLS)http://semarc/name/122526 245 13$aLa religione dei Greci :$btra storia e antropologia /$cCarmine Pisano. 264 1$aRoma :$bCarocci,$c2025. 300 $a163 p. ;$c22 cm 490 1 $aStudi superiori ;$v1488 504 $aBibliografia, p. 139-154 650 4$aReligione - Grecia antica.$0(OLS)http://semarc/subject/58381 650 4$aGrecia - Storia religiosa - Antichità.$0(OLS)http://semarc/subject/58382 830 0$aStudi superiori ;$v1488.$0(OLS)http://semarc/title/11925 850 $aSeMil 852 $aSeMil$W1$xVenegono$y1$m2R IV 73$j260424$B254645$CSeMilBibl$Z2$F254645 $81 996 $6020$a978-88-290-3053-8$9(OLS)http://semarc/number/303801 996 $6245$aLa religione dei Greci :$btra storia e antropologia$9(OLS)http://semarc/title/455103 996 $6264$aRoma :$bCarocci$9(OLS)http://semarc/publisher/31977